[Event "?"]
[Site "ICS Rated blitz match, 208.19"]
[Date "1997.??.??"]
[Round "?"]
[White "Brause"]
[Black "brit"]
[Result "0-1"]
[WhiteElo "2535"]
[BlackElo "2195"]
[PlyCount "122"]

1. e4 e5 2. Nf3 Nc6 3. Nc3 Nf6 4. Nxe5 Nxe5 5. d4 Ng6 6. e5 Bb4 7. exf6 Qxf6 8.
Bc4 Bxc3+ 9. bxc3 O-O 10. O-O d6 11. Rb1 b6 12. Be3 Be6 13. Bxe6 Qxe6 14. d5
Qd7 15. Qd4 Rfe8 16. Rbd1 Re7 17. Bg5 f6 18. Be3 Rae8 19. Qb4 a5 20. Qd4 Re4
21. Qd3 Qa4 22. Ra1 Ne5 23. Qd1 Qc4 24. Qd2 Ng4 25. Rfe1 f5 26. Qd3 Nxe3 27.
fxe3 Qxd3 28. cxd3 Rxe3 29. Kf2 Rxe1 30. Rxe1 Rxe1 31. Kxe1 Kf7 32. Kf2 Kf6 33.
c4 Ke5 34. Ke3 f4+ 35. Kf3 Kd4 36. Ke2 g5 37. Kd2 a4 38. a3 g4 39. Ke2 f3+ 40.
gxf3 gxf3+ 41. Kd2 f2 42. Ke2 f1=Q+ 43. Kxf1 Kxd3 44. h3 Kxc4 45. Ke2 Kb3 46.
Kd2 Kxa3 47. Kc2 Kb4 48. h4 b5 49. h5 Kc4 50. Kb1 b4 51. Ka1 b3 52. Kb2 Kb4 53.
h6 a3+ 54. Kc1 Kc3 55. Kd1 a2 56. Ke2 a1=Q 57. Kf3 b2 58. Ke2 b1=Q 59. Kf3 Qf5+
60. Kg2 Qaf1+ 61. Kh2 Q5h3# 0-1

[Event "?"]
[Site "ICS Rated blitz match, 208.19"]
[Date "1997.??.??"]
[Round "?"]
[White "Brause"]
[Black "GRANRATON"]
[Result "1-0"]
[WhiteElo "2490"]
[BlackElo "2155"]
[PlyCount "59"]

1. e4 e5 2. Nf3 Nc6 3. Nc3 Nf6 4. Nxe5 Nxe5 5. d4 Ng6 6. e5 Ng8 7. Bc4 d6 8.
Qf3 Be6 9. Qxb7 Rb8 10. Bb5+ Bd7 11. Bxd7+ Kxd7 12. Qxa7 N8e7 13. exd6 Nc6 14.
Qxc7+ Qxc7 15. dxc7 Kxc7 16. Nd5+ Kd7 17. c3 Bd6 18. O-O Rhe8 19. b4 Re2 20.
Rd1 Rbe8 21. Kf1 R2e4 22. Ne3 f6 23. Nf5 Bf8 24. f3 Re2 25. Bd2 Nh8 26. a4 g6
27. Ng3 R2e7 28. a5 Nf7 29. b5 Nb8 30. a6 1-0

[Event "?"]
[Site "ICS Rated blitz match, 208.19"]
[Date "1997.??.??"]
[Round "?"]
[White "Brause"]
[Black "GRANRATON"]
[Result "1/2-1/2"]
[WhiteElo "2465"]
[BlackElo "2180"]
[PlyCount "89"]

1. e4 e5 2. Nf3 Nc6 3. Nc3 Nf6 4. Nxe5 Nxe5 5. d4 Nc6 6. d5 Nb8 7. e5 Bb4 8.
exf6 Qxf6 9. Bd2 O-O 10. Be2 Re8 11. O-O Bc5 12. Bd3 d6 13. Na4 Bf5 14. Nxc5
dxc5 15. Ba5 b6 16. Bc3 Qg6 17. Re1 Nd7 18. Qf3 Bxd3 19. cxd3 Nf6 20. Rac1 Rad8
21. Bxf6 Qxf6 22. Rxe8+ Rxe8 23. Qxf6 gxf6 24. Kf1 Re5 25. b4 Rxd5 26. Ke2 Kf8
27. bxc5 Rxc5 28. Rxc5 bxc5 29. Kf3 Ke7 30. Ke4 Ke6 31. g4 c6 32. h4 Kd6 33. h5
c4 34. dxc4 Kc5 35. Kd3 Kb4 36. Kd4 a5 37. f4 a4 38. a3+ Kxa3 39. Kc3 Ka2 40.
c5 Ka3 41. h6 Ka2 42. Kc2 Ka3 43. Kc3 Ka2 44. Kc2 Ka3 45. Kc3 1/2-1/2

[Event "?"]
[Site "ICS Rated blitz match, 208.19"]
[Date "1997.??.??"]
[Round "?"]
[White "Brause"]
[Black "deep-modem"]
[Result "1-0"]
[WhiteElo "2500"]
[BlackElo "2725"]
[PlyCount "67"]

1. e4 Nf6 2. Nc3 e5 3. Nf3 Nc6 4. Nxe5 Nxe5 5. d4 Ng6 6. e5 Ng8 7. Bc4 d6 8.
Qf3 Qd7 9. O-O dxe5 10. dxe5 Nxe5 11. Re1 Bd6 12. Bf4 f6 13. Bb5 c6 14. Rad1
Qe6 15. Qg3 Kf8 16. Bxe5 Bxe5 17. f4 cxb5 18. fxe5 Qb6+ 19. Re3 Bf5 20. Rd6 Qc5
21. Rd5 Qc8 22. Qf4 Ne7 23. exf6 Ng6 24. Qd4 Kf7 25. Nxb5 Rd8 26. Rxd8 Qxd8 27.
Nd6+ Kf8 28. fxg7+ Kg8 29. Qd5+ Kxg7 30. Qf7+ Kh8 31. Re8+ Qxe8 32. Nxe8 Rxe8
33. Qxe8+ Kg7 34. Qa4 1-0

[Event "?"]
[Site "ICS Rated blitz match, 208.19"]
[Date "1997.??.??"]
[Round "?"]
[White "Brause"]
[Black "oldtimer"]
[Result "0-1"]
[WhiteElo "2470"]
[BlackElo "2480"]
[PlyCount "164"]

1. e4 e5 2. Nf3 Nc6 3. Nc3 Nf6 4. Nxe5 Nxe5 5. d4 Ng6 6. e5 Ng8 7. Bc4 Bb4 8.
Qf3 Qe7 9. O-O Bxc3 10. bxc3 Nh6 11. g3 O-O 12. Qh5 Kh8 13. Bxh6 gxh6 14. f4 f5
15. Qxh6 Qg7 16. Qxg7+ Kxg7 17. Rae1 c6 18. Bb3 b5 19. c4 bxc4 20. Bxc4 d5 21.
exd6 Rd8 22. c3 Rxd6 23. Re8 Bb7 24. Re2 Rad8 25. Rb1 R6d7 26. Kf2 Ne7 27. Be6
Rc7 28. Re5 Kf6 29. Rbe1 Bc8 30. Bxc8 Rdxc8 31. R5e2 Rb8 32. Kf3 Ng6 33. Re6+
Kf7 34. R6e3 Re7 35. R3e2 Rxe2 36. Rxe2 Rb1 37. Ke3 Ke6 38. c4 h5 39. Kd3+ Kd7
40. Ke3 Rb8 41. c5 Re8+ 42. Kf2 Rxe2+ 43. Kxe2 Ke6 44. h3 Kd5 45. Ke3 Nf8 46.
g4 hxg4 47. hxg4 fxg4 48. f5 Nd7 49. a4 Nf6 50. a5 g3 51. Kf3 Kxd4 52. Kxg3 Ke4
53. Kf2 Kxf5 54. Ke3 Ke5 55. Kd3 Kd5 56. Ke3 Kxc5 57. Ke2 Kd4 58. Kf3 Kc5 59.
Ke2 Kb5 60. Kd3 Kxa5 61. Kc4 Nd7 62. Kc3 Kb5 63. Kc2 a5 64. Kb3 Ne5 65. Kb2 Kb4
66. Kc2 c5 67. Kd2 Kc4 68. Kc2 Nd3 69. Kd2 Kd4 70. Kd1 c4 71. Kc2 a4 72. Kb1
Kc3 73. Ka2 Kb4 74. Ka1 Kb3 75. Kb1 a3 76. Ka1 c3 77. Kb1 c2+ 78. Ka1 c1=N 79.
Kb1 Ne2 80. Ka1 Nb4 81. Kb1 a2+ 82. Ka1 Nc2# 0-1

[Event "?"]
[Site "ICS Rated blitz match, 208.19"]
[Date "1997.??.??"]
[Round "?"]
[White "Brause"]
[Black "oldtimer"]
[Result "1-0"]
[WhiteElo "2510"]
[BlackElo "2515"]
[PlyCount "95"]

1. e4 e5 2. Nf3 Nc6 3. Nc3 Nf6 4. Nxe5 Nxe5 5. d4 Ng6 6. e5 Ng8 7. Bc4 Bb4 8.
Qf3 Qe7 9. O-O Bxc3 10. bxc3 Nh6 11. g3 O-O 12. Qh5 d5 13. Bxd5 Bg4 14. Qg5 c6
15. Qxe7 Nxe7 16. Bg2 Be6 17. Ba3 Rfe8 18. Rab1 Bc4 19. Rxb7 Bxf1 20. Kxf1 Nd5
21. c4 Nb6 22. Bxc6 Rec8 23. Be4 Nxc4 24. Bc1 Rab8 25. Rxb8 Rxb8 26. c3 Kf8 27.
Bxh7 Ng8 28. Bd3 Rc8 29. Ke2 Ne7 30. Be4 Nb6 31. Kd3 Ned5 32. Ba3+ Ke8 33. Bc5
Ne7 34. c4 Nd7 35. Bd6 Nb6 36. c5 Nd7 37. Bxe7 Kxe7 38. c6 Nxe5+ 39. dxe5 Rb8
40. Kc3 Kd8 41. f4 Kc7 42. Bd5 Rf8 43. Kd4 Kb6 44. f5 Kc7 45. Kc5 f6 46. e6 Rb8
47. a4 Rh8 48. Bf3 1-0

[Event "?"]
[Site "ICS Rated blitz match, 208.19"]
[Date "1997.??.??"]
[Round "?"]
[White "Brause"]
[Black "oldtimer"]
[Result "1-0"]
[WhiteElo "2545"]
[BlackElo "2485"]
[PlyCount "64"]

1. e4 e5 2. Nf3 Nc6 3. Nc3 Nf6 4. Nxe5 Nxe5 5. d4 Ng6 6. e5 Ng8 7. Bc4 Bb4 8.
Qf3 Qe7 9. O-O Bxc3 10. bxc3 Nh6 11. g3 O-O 12. Qh5 Kh8 13. Bxh6 gxh6 14. f4 f5
15. Qxh6 Qg7 16. Qxg7+ Kxg7 17. Rae1 b6 18. Rf3 Bb7 19. d5 Rae8 20. Rd3 d6 21.
e6 a6 22. a4 h5 23. Rd4 h4 24. Re3 Kf6 25. gxh4 Rh8 26. Rh3 Rxh4 27. Rxh4 Nxh4
28. Kf2 Rg8 29. Bf1 Ng6 30. Be2 Ne7 31. Bf3 a5 32. c4 Rd8 1-0

[Event "?"]
[Site "ICS Rated blitz match, 208.19"]
[Date "1997.??.??"]
[Round "?"]
[White "Brause"]
[Black "oldtimer"]
[Result "0-1"]
[WhiteElo "2600"]
[BlackElo "2470"]
[PlyCount "140"]

1. e4 e5 2. Nf3 Nc6 3. Nc3 Nf6 4. Nxe5 Nxe5 5. d4 Ng6 6. e5 Ng8 7. Bc4 Bb4 8.
Qf3 Qe7 9. O-O Bxc3 10. bxc3 Nh6 11. g3 O-O 12. Qh5 Kh8 13. Bxh6 gxh6 14. f4 f5
15. Qxh6 Qg7 16. Qxg7+ Kxg7 17. Rae1 c6 18. Rf2 b5 19. Bd3 Ne7 20. c4 bxc4 21.
Bxc4 Rb8 22. Bb3 a5 23. Re3 Ba6 24. e6 d6 25. Rd2 Kf6 26. Rd1 Rfe8 27. Ree1 d5
28. Re3 Nc8 29. Rde1 Nd6 30. Re5 h5 31. c3 Ne4 32. Bc2 Rxe6 33. Bxe4 dxe4 34.
Rxa5 Bd3 35. a4 e3 36. Re5 e2 37. Kf2 Rxe5 38. fxe5+ Ke6 39. Ra1 Ba6 40. Rc1
Rb3 41. a5 Ra3 42. Rc2 Ra1 43. Rxe2 Bxe2 44. Kxe2 Kd5 45. Kd3 Ra3 46. a6 c5 47.
dxc5 Kxc5 48. Ke3 Kd5 49. Kf4 Ke6 50. Kg5 Kxe5 51. c4 Rxa6 52. Kxh5 Kf6 53. Kh4
Ra4 54. Kh3 Rxc4 55. Kg2 Kg5 56. Kf1 Rc2 57. h3 f4 58. h4+ Kg4 59. gxf4 Kxh4
60. Ke1 Kg4 61. Kd1 Rh2 62. f5 Kxf5 63. Ke1 Kg4 64. Kd1 Kf4 65. Kc1 Ke4 66. Kd1
Ke3 67. Kc1 Kd3 68. Kb1 Kc3 69. Ka1 Kb3 70. Kb1 Rh1# 0-1

[Event "?"]
[Site "ICS Rated blitz match, 208.19"]
[Date "1997.??.??"]
[Round "?"]
[White "Brause"]
[Black "oldtimer"]
[Result "1-0"]
[WhiteElo "2495"]
[BlackElo "2475"]
[PlyCount "113"]

1. e4 e5 2. Nf3 Nc6 3. Nc3 Nf6 4. Nxe5 Nxe5 5. d4 Ng6 6. e5 Ng8 7. Bc4 Bb4 8.
Qf3 Qe7 9. O-O Bxc3 10. bxc3 Nh6 11. g3 O-O 12. Qh5 Kh8 13. Bxh6 gxh6 14. f4 f5
15. Qxh6 Qg7 16. Qxg7+ Kxg7 17. Rae1 b6 18. Bd3 Bb7 19. c4 Rae8 20. Re3 h5 21.
c5 bxc5 22. dxc5 Bd5 23. Be2 Kh6 24. Rd1 Be6 25. Ra3 Ra8 26. Rb1 Rfb8 27. Rxb8
Rxb8 28. c6 dxc6 29. Rxa7 Rb2 30. Bd3 c5 31. Rxc7 c4 32. Bxc4 Rxc2 33. Bxe6
Rxc7 34. Bxf5 h4 35. Kg2 Ra7 36. Be6 Ra3 37. Bb3 Kg7 38. Kf3 hxg3 39. hxg3 Ne7
40. Ke4 Nc6 41. g4 Nb4 42. e6 Nc6 43. f5 Ra5 44. g5 Kf8 45. Kf4 Nd4 46. f6 Nxb3
47. axb3 Rb5 48. g6 Rb4+ 49. Kg5 Rxb3 50. Kf4 Rb4+ 51. Ke5 Rb8 52. Kd6 Rd8+ 53.
Kc7 Ra8 54. Kd7 Ra7+ 55. Kc8 Ra8+ 56. Kb7 Re8 57. g7+ 1-0

[Event "?"]
[Site "ICS Rated blitz match, 208.19"]
[Date "1997.??.??"]
[Round "?"]
[White "Brause"]
[Black "oldtimer"]
[Result "1-0"]
[WhiteElo "2520"]
[BlackElo "2445"]
[PlyCount "87"]

1. e4 e5 2. Nf3 Nc6 3. Nc3 Nf6 4. Nxe5 Nxe5 5. d4 Ng6 6. e5 Ng8 7. Bc4 Bb4 8.
Qf3 Qe7 9. O-O Bxc3 10. bxc3 Nh6 11. g3 O-O 12. Qh5 Kh8 13. Bxh6 gxh6 14. Qxh6
f5 15. Rab1 b6 16. Bd5 Rb8 17. h4 Qg7 18. Qxg7+ Kxg7 19. Bc4 Bb7 20. Rbe1 d5
21. exd6 cxd6 22. h5 d5 23. Bd3 Nh8 24. Re7+ Rf7 25. Rfe1 Rbf8 26. Bxf5 Rxe7
27. Rxe7+ Rf7 28. Rd7 Rxd7 29. Bxd7 Nf7 30. f3 Nd6 31. Kf2 Ba6 32. Ke3 h6 33.
a4 Bc4 34. Kf4 Kf6 35. Ke3 Kg5 36. g4 Bf1 37. Kf2 Bc4 38. Kg3 Kf6 39. Bc6 a5
40. Kf4 b5 41. Ke3 bxa4 42. Bxa4 Bb5 43. Bb3 Nc4+ 44. Kf2 1-0

[Event "?"]
[Site "ICS Rated blitz match, 208.19"]
[Date "1997.??.??"]
[Round "?"]
[White "Brause"]
[Black "chessmsater"]
[Result "1-0"]
[WhiteElo "2585"]
[BlackElo "2110"]
[PlyCount "79"]

1. e4 Nf6 2. Nc3 e5 3. Nf3 Nc6 4. Nxe5 Nxe5 5. d4 Ng6 6. e5 Ng8 7. Bc4 d6 8.
Qf3 Qd7 9. O-O dxe5 10. dxe5 Nxe5 11. Re1 Bd6 12. Bf4 f6 13. Bb5 c6 14. Rad1
Qe6 15. Qg3 Kf8 16. Bxe5 Bxe5 17. f4 cxb5 18. fxe5 Qb6+ 19. Re3 Bf5 20. Rd6 Qc5
21. Rd5 Qc8 22. Qf4 Ne7 23. exf6 Nxd5 24. Nxd5 Qc5 25. Qe5 g6 26. b4 Qxe3+ 27.
Qxe3 Re8 28. Qh6+ Kf7 29. Qg7+ Ke6 30. Nc7+ Kd6 31. Nxb5+ Kd5 32. Nc7+ Kc4 33.
Nxe8 Rxe8 34. Qc7+ Kd5 35. Qf7+ Re6 36. Qxb7+ Kd6 37. f7 Rf6 38. Qa6+ Ke5 39.
Qxf6+ Kxf6 40. f8=Q+ 1-0

[Event "?"]
[Site "ICS Rated blitz match, 208.19"]
[Date "1997.??.??"]
[Round "?"]
[White "Jakob, Steffen"]
[Black "Rector"]
[Result "1-0"]
[WhiteElo "1910"]
[BlackElo "2555"]
[PlyCount "25"]

1. e4 e5 2. Nc3 Nc6 3. Nf3 Nf6 4. Nxe5 Nxe5 5. d4 Ng6 6. e5 Ng8 7. Bc4 f6 8.
Qh5 fxe5 9. Bxg8 exd4 10. Bxh7 Qf6 11. Bxg6+ Kd8 12. Qxh8 dxc3 13. Bg5 1-0

[Event "?"]
[Site "ICS Rated blitz match, 208.19"]
[Date "1997.??.??"]
[Round "?"]
[White "Jakob, Steffen"]
[Black "Mickedog"]
[Result "1-0"]
[WhiteElo "1890"]
[BlackElo "2745"]
[PlyCount "35"]

1. e4 e5 2. Nf3 Nf6 3. Nc3 Nc6 4. Nxe5 Nxe5 5. d4 Ng6 6. e5 Qe7 7. Be2 Ng8 8.
O-O b6 9. f4 Bb7 10. f5 Nh4 11. g3 O-O-O 12. gxh4 Qxh4 13. Bf3 Ba6 14. Be2 Bb7
15. Bf3 Ba6 16. Rf2 Bb4 17. Nd5 Ba5 18. b4 1-0

[Event "?"]
[Site "ICS Unrated blitz match, 192."]
[Date "1997.??.??"]
[Round "?"]
[White "Brause"]
[Black "Smoove"]
[Result "1-0"]
[WhiteElo "2605"]
[BlackElo "2285"]
[PlyCount "45"]

1. e4 e5 2. Nf3 Nf6 3. Nc3 Nc6 4. Nxe5 Nxe5 5. d4 d6 6. dxe5 dxe5 7. Qxd8+ Kxd8
8. Bg5 Be7 9. O-O-O+ Nd7 10. Bxe7+ Kxe7 11. f3 c6 12. Bd3 a5 13. Be2 Nc5 14. h4
Be6 15. Rd2 Rhd8 16. Rhd1 b5 17. Rxd8 Rxd8 18. Rxd8 Kxd8 19. a3 b4 20. Nb1 Ba2
21. Nd2 f6 22. axb4 axb4 23. b3 1-0

[Event "?"]
[Site "ICS Unrated blitz match, 192."]
[Date "1997.??.??"]
[Round "?"]
[White "Brause"]
[Black "illich"]
[Result "0-1"]
[WhiteElo "2560"]
[BlackElo "2005"]
[PlyCount "110"]

1. e4 e5 2. Nf3 Nc6 3. Nc3 Nf6 4. Nxe5 Nxe5 5. d4 Ng6 6. e5 Ng8 7. Bc4 d5 8.
Bxd5 c6 9. Bf3 Bb4 10. O-O Bxc3 11. bxc3 N8e7 12. Be4 O-O 13. Bg5 h6 14. Bxg6
fxg6 15. Bh4 g5 16. Bg3 Be6 17. Qd3 b5 18. Rfe1 Bc4 19. Qd2 Nd5 20. a4 Qe7 21.
f3 Qe6 22. h3 Rf7 23. Re4 a6 24. a5 Raf8 25. Rc1 Nf4 26. Re3 h5 27. Re4 Bd5 28.
Ree1 Nxh3+ 29. Kh2 Nf4 30. Rf1 h4 31. Bxf4 Rxf4 32. Rfe1 g4 33. Rf1 gxf3 34.
Rce1 Qg4 35. Re3 Qg3+ 36. Kg1 f2+ 37. Qxf2 Qxf2+ 38. Rxf2 Rxf2 39. Rf3 Rxg2+
40. Kxg2 Bxf3+ 41. Kg1 g5 42. e6 Re8 43. c4 Rxe6 44. d5 cxd5 45. cxb5 axb5 46.
Kf2 g4 47. a6 Rxa6 48. c3 Ra3 49. Ke3 Rxc3+ 50. Kd4 Rc4+ 51. Ke3 h3 52. Kf2 h2
53. Kg3 h1=Q 54. Kf2 Qg2+ 55. Ke1 Re4# 0-1

[Event "?"]
[Site "ICS Unrated blitz match, 192."]
[Date "1997.??.??"]
[Round "?"]
[White "Brause"]
[Black "Dorobanov"]
[Result "1-0"]
[WhiteElo "2535"]
[BlackElo "2530"]
[PlyCount "35"]

1. e4 e5 2. Nf3 Nc6 3. Nc3 Nf6 4. Nxe5 Nxe5 5. d4 Ng6 6. e5 Ng8 7. Bc4 d5 8.
Bxd5 c6 9. Bb3 Be6 10. O-O N8e7 11. Ne4 Bxb3 12. Nd6+ Kd7 13. axb3 Nd5 14. Nxf7
Qh4 15. c4 Ndf4 16. Nxh8 Nxh8 17. g3 Nh3+ 18. Kg2 1-0

[Event "?"]
[Site "ICS Unrated blitz match, 192."]
[Date "1997.??.??"]
[Round "?"]
[White "Brause"]
[Black "Dorobanov"]
[Result "1-0"]
[WhiteElo "2535"]
[BlackElo "2530"]
[PlyCount "79"]

1. e4 e5 2. Nf3 Nc6 3. Nc3 Nf6 4. Nxe5 Nxe5 5. d4 Ng6 6. e5 Ng8 7. Bc4 d5 8.
Bxd5 c6 9. Bb3 Bb4 10. O-O Bxc3 11. bxc3 Be6 12. Ba3 Bxb3 13. cxb3 f5 14. Qh5
N8e7 15. Bxe7 Qxe7 16. Qxf5 Qf7 17. Qxf7+ Kxf7 18. f4 Ne7 19. f5 Rad8 20. f6
gxf6 21. Rxf6+ Kg7 22. Raf1 Rhf8 23. a3 Nd5 24. Rxf8 Rxf8 25. Rxf8 Kxf8 26. c4
Nc3 27. Kf2 Nb1 28. d5 cxd5 29. cxd5 Nxa3 30. Ke3 Nb5 31. g4 Nc7 32. Kd4 Kf7
33. Ke4 Kg6 34. h4 h6 35. e6 Kf6 36. g5+ hxg5 37. hxg5+ Kxg5 38. Ke5 Nxd5 39.
Kxd5 Kf6 40. Kd6 1-0

[Event "?"]
[Site "ICS Unrated Standard match, 1"]
[Date "1997.??.??"]
[Round "?"]
[White "Brause"]
[Black "badger"]
[Result "0-1"]
[WhiteElo "2225"]
[BlackElo "2240"]
[PlyCount "51"]

1. e4 e5 2. Nf3 Nc6 3. Nc3 Nf6 4. Nxe5 Nxe5 5. d4 Ng6 6. e5 Ng8 7. Bc4 d6 8.
Qf3 Be6 9. Qxb7 Rb8 10. Bb5+ Bd7 11. Bxd7+ Kxd7 12. Qxa7 dxe5 13. dxe5 Ra8 14.
Qe3 Ra5 15. e6+ fxe6 16. O-O Bd6 17. a3 Qh4 18. g3 Qh3 19. Qe2 Nf6 20. Rd1 Re5
21. Qd2 Ng4 22. f3 Ne3 23. f4 Nxf4 24. gxf4 Rf8 25. Ne4 Rd5 26. Ng3 0-1

[Event "?"]
[Site "ICS Unrated Blitz match, 131."]
[Date "1997.??.??"]
[Round "?"]
[White "Brause"]
[Black "Pfiffigunde"]
[Result "1-0"]
[WhiteElo "2270"]
[BlackElo "2280"]
[PlyCount "37"]

1. e4 e5 2. Nf3 Nf6 3. Nc3 Nc6 4. Nxe5 Nxe5 5. d4 Ng6 6. e5 Ng8 7. Bc4 Bb4 8.
Qf3 Qe7 9. O-O Bxc3 10. bxc3 c6 11. a4 d5 12. exd6 Qxd6 13. Qxf7+ Kd8 14. Bg5+
N8e7 15. Qxg7 Be6 16. Bxe6 Qxe6 17. Rae1 Rg8 18. Qxh7 Rh8 19. Qxh8+ 1-0

[Event "?"]
[Site "ICS Unrated Blitz match, 131."]
[Date "1997.??.??"]
[Round "?"]
[White "Brause"]
[Black "Pfiffigunde"]
[Result "1-0"]
[WhiteElo "2270"]
[BlackElo "2280"]
[PlyCount "27"]

1. e4 e5 2. Nf3 Nf6 3. Nc3 Nc6 4. Nxe5 Nxe5 5. d4 Ng6 6. e5 Ng8 7. Bc4 Bb4 8.
Qf3 Qe7 9. O-O Bxc3 10. bxc3 c6 11. a4 f6 12. Ba3 Qd8 13. Rfe1 fxe5 14. Qf7#
1-0

[Event "?"]
[Site "ICS Unrated Blitz match, 131."]
[Date "1997.??.??"]
[Round "?"]
[White "Brause"]
[Black "Pfiffigunde"]
[Result "1-0"]
[WhiteElo "2270"]
[BlackElo "2280"]
[PlyCount "49"]

1. e4 e5 2. Nf3 Nf6 3. Nc3 Nc6 4. Nxe5 Nxe5 5. d4 Ng6 6. e5 Bb4 7. exf6 Qxf6 8.
Bc4 Bxc3+ 9. bxc3 O-O 10. O-O Re8 11. Re1 Qd8 12. Bg5 Rxe1+ 13. Qxe1 Qf8 14. h4
h6 15. h5 Nh8 16. Be7 Qe8 17. Qe4 c6 18. Bd3 f5 19. Qxf5 Qxe7 20. Qh7+ Kf7 21.
Qxh8 d5 22. c4 b6 23. g3 Bb7 24. Qh7 Re8 25. Bg6+ 1-0

[Event "?"]
[Site "ICS Unrated Blitz match, 131."]
[Date "1997.??.??"]
[Round "?"]
[White "Brause"]
[Black "Lomax"]
[Result "1-0"]
[WhiteElo "2280"]
[BlackElo "2005"]
[PlyCount "39"]

1. e4 e5 2. Nf3 Nc6 3. Nc3 Nf6 4. Nxe5 d5 5. Nxc6 bxc6 6. exd5 cxd5 7. d4 c6 8.
Bf4 Bb4 9. Be2 Be6 10. O-O Ne4 11. Nxe4 dxe4 12. c4 g5 13. Be3 Bd6 14. d5 cxd5
15. cxd5 Bd7 16. Qd4 O-O 17. Qxe4 f5 18. Qd4 f4 19. Bd2 Qe7 20. Bc3 1-0

[Event "?"]
[Site "ICS Unrated Blitz match, 131."]
[Date "1997.??.??"]
[Round "?"]
[White "Brause"]
[Black "Lomax"]
[Result "1-0"]
[WhiteElo "2280"]
[BlackElo "2005"]
[PlyCount "115"]

1. e4 e5 2. Nf3 Nc6 3. Nc3 Nf6 4. Nxe5 Nxe5 5. d4 Ng6 6. e5 Bb4 7. exf6 Qxf6 8.
Bc4 c6 9. Qe2+ Ne7 10. Qe5 d5 11. Qxf6 gxf6 12. Bd3 Nf5 13. a3 Ba5 14. O-O Nxd4
15. Re1+ Ne6 16. Bd2 Bd7 17. Re2 Bc7 18. Rae1 O-O-O 19. Nd1 h5 20. Bc3 Rh6 21.
Bf5 Rg8 22. Bd2 Rhh8 23. Be3 b6 24. f3 Be5 25. c3 h4 26. Nf2 c5 27. Bd3 Kc7 28.
Ng4 Bc6 29. Nh6 Rf8 30. Bf5 Bb5 31. Rf2 d4 32. cxd4 Nxd4 33. Be4 f5 34. Nxf5
Nxf5 35. Bxf5 f6 36. f4 Bd6 37. Rd2 Rd8 38. Red1 Rhe8 39. Bf2 Rh8 40. b3 Bc6
41. Be6 Rh7 42. Bf5 Rg7 43. Bxh4 Rdg8 44. Rxd6 Rxg2+ 45. Kf1 Bb5+ 46. R1d3 Rg1+
47. Ke2 R1g2+ 48. Kf3 Bxd3 49. Rxd3 Rxh2 50. Bxf6 Rgg2 51. Rd7+ Kc6 52. Rxa7
Rf2+ 53. Ke4 Re2+ 54. Kd3 Rd2+ 55. Kc3 Rdf2 56. Be4+ Kd6 57. Be5+ Ke6 58. Rb7
1-0

[Event "?"]
[Site "ICS game, 164.58.253.13 (-)"]
[Date "1997.??.??"]
[Round "?"]
[White "Brause"]
[Black "oldtimer"]
[Result "1-0"]
[WhiteElo "2275"]
[BlackElo "2215"]
[PlyCount "89"]

1. e4 e5 2. Nf3 Nc6 3. Nc3 Nf6 4. Nxe5 Nxe5 5. d4 Ng6 6. e5 Ng8 7. Bc4 d5 8.
Bxd5 c6 9. Be4 f5 10. Bf3 Bb4 11. O-O N8e7 12. Na4 O-O 13. c3 Ba5 14. b4 Bc7
15. b5 Be6 16. Nc5 Qc8 17. Bg5 Bb6 18. Nxe6 Qxe6 19. Qb3 Qxb3 20. axb3 h6 21.
Bxe7 Nxe7 22. bxc6 bxc6 23. g3 a5 24. Ra4 Rad8 25. b4 axb4 26. Rxb4 Rb8 27.
Rfb1 Bc7 28. Rxb8 Rxb8 29. Ra1 Bb6 30. Ra4 Kf7 31. Rc4 Rc8 32. d5 cxd5 33.
Bxd5+ Ke8 34. Rxc8+ Nxc8 35. Be6 Ne7 36. Kg2 g6 37. f4 Ba5 38. c4 Nc6 39. Bd5
Nd4 40. c5 Ke7 41. Kf2 Bb4 42. c6 Bc5 43. Kf1 Nb5 44. Ke1 Bb4+ 45. Kf1 1-0

[Event "?"]
[Site "ICS game, 164.58.253.13 (-)"]
[Date "1997.??.??"]
[Round "?"]
[White "Brause"]
[Black "SimpleSimon"]
[Result "1-0"]
[WhiteElo "2325"]
[BlackElo "1970"]
[PlyCount "49"]

1. Nc3 Nf6 2. e4 e5 3. Nf3 Nc6 4. Nxe5 Nxe5 5. d4 Ng6 6. e5 Ng8 7. Bc4 d6 8.
Qf3 Be6 9. Qxb7 Bxc4 10. Qc6+ Qd7 11. Qxa8+ Ke7 12. Qxa7 dxe5 13. Qc5+ Ke8 14.
Qxc4 exd4 15. Ne4 Ne5 16. Qb3 Qg4 17. Qb8+ Kd7 18. O-O Qxe4 19. Qxf8 h5 20.
Qxg7 Rh7 21. Qxg8 h4 22. Bf4 Qxf4 23. Qxh7 Qg4 24. f4 Ng6 25. Qxf7+ 1-0

[Event "?"]
[Site "ICS game, 164.58.253.13 (-)"]
[Date "1997.??.??"]
[Round "?"]
[White "Brause"]
[Black "oldtimer"]
[Result "1-0"]
[WhiteElo "2265"]
[BlackElo "2170"]
[PlyCount "129"]

1. e4 e5 2. Nf3 Nc6 3. Nc3 Nf6 4. Nxe5 Nxe5 5. d4 Ng6 6. e5 Ng8 7. Bc4 d5 8.
Bxd5 c6 9. Be4 f5 10. Bf3 Bb4 11. O-O N8e7 12. Na4 O-O 13. c3 Ba5 14. b4 Bb6
15. Qb3+ Kh8 16. Bg5 h6 17. Bc1 Nh4 18. Bh5 Qd5 19. Qxd5 cxd5 20. Nxb6 axb6 21.
Bf4 g5 22. Bd2 Be6 23. g3 Nhg6 24. h4 gxh4 25. Bxh6 Rg8 26. Bg5 Nc6 27. Bxg6
Rxg6 28. gxh4 f4 29. Rfc1 b5 30. Kh2 Kh7 31. Bxf4 Rf8 32. Bg3 Bf5 33. Rg1 Be4
34. Rge1 Rxf2+ 35. Bxf2 Rg2+ 36. Kh3 Rxf2 37. Rg1 Ne7 38. Kg4 Nf5 39. Kg5 Ne3
40. h5 Rf5+ 41. Kh4 Rf4+ 42. Kg3 Rf3+ 43. Kh2 Rf5 44. Rae1 Rxh5+ 45. Kg3 Nf5+
46. Kg4 Kh6 47. Kf4 Ne7 48. a3 Ng6+ 49. Kg3 Rg5+ 50. Kf2 Rf5+ 51. Ke2 Nf4+ 52.
Kd1 Bf3+ 53. Kd2 Ne6 54. Ref1 Be4 55. Rxf5 Bxf5 56. Rg8 Ng5 57. Rb8 Ne4+ 58.
Kc2 Nd6+ 59. Kb3 Nc4 60. Rxb7 Bg4 61. Rxb5 Bd1+ 62. Ka2 Ne3 63. Rb8 Kg5 64. b5
Kf4 65. b6 1-0

[Event "?"]
[Site "ICS game, 164.58.253.13 (-)"]
[Date "1997.??.??"]
[Round "?"]
[White "Brause"]
[Black "EyeAreSee"]
[Result "1-0"]
[WhiteElo "2405"]
[BlackElo "1700"]
[PlyCount "29"]

1. e4 e5 2. Nf3 Nc6 3. Nc3 Nf6 4. Nxe5 Nxe5 5. d4 Ng6 6. e5 Ng8 7. Bc4 f6 8.
Qh5 fxe5 9. Bxg8 Rxg8 10. Bg5 Be7 11. Qxh7 Rf8 12. Qxg6+ Rf7 13. Bxe7 Qxe7 14.
Nd5 Qd6 15. Qxd6 1-0

[Event "?"]
[Site "ICS game, 164.58.253.13 (-)"]
[Date "1997.??.??"]
[Round "?"]
[White "Brause"]
[Black "oldtimer"]
[Result "0-1"]
[WhiteElo "2285"]
[BlackElo "2150"]
[PlyCount "282"]

1. e4 e5 2. Nf3 Nc6 3. Nc3 Nf6 4. Nxe5 Nxe5 5. d4 Ng6 6. e5 Ng8 7. Bc4 d5 8.
Bxd5 c6 9. Be4 Bb4 10. O-O f5 11. Bf3 N8e7 12. Na4 O-O 13. c3 Ba5 14. b4 Bb6
15. Nxb6 axb6 16. Qb3+ Kh8 17. Re1 Nh4 18. Bh5 Qd5 19. Qxd5 cxd5 20. Bg5 Nhg6
21. a4 Be6 22. Rec1 h6 23. Bd2 Rfc8 24. Rcb1 f4 25. Kf1 Bf5 26. Rc1 Bd3+ 27.
Kg1 Ra7 28. Re1 Bc2 29. a5 bxa5 30. Rxa5 Rxa5 31. bxa5 Bd3 32. Bg4 Rc7 33. Rd1
Ba6 34. Re1 Kg8 35. Rb1 Kf7 36. Rb6 Rc6 37. Rb3 Rc7 38. Rb6 Kg8 39. Rb1 Kf8 40.
Rb6 Bd3 41. Rd6 Bc4 42. Bh5 Kf7 43. Bxf4 Rc6 44. Bxg6+ Nxg6 45. Rxc6 bxc6 46.
Be3 h5 47. Bg5 Ke6 48. g3 Kf5 49. Bd8 Nf8 50. f4 Ne6 51. Be7 g6 52. Bd6 Ke4 53.
Kf2 Ba6 54. Ba3 h4 55. Be7 hxg3+ 56. hxg3 Bb5 57. Ba3 g5 58. Bc1 gxf4 59. gxf4
Kf5 60. Kf3 Nc7 61. Bd2 Bd3 62. Be1 Ne6 63. Bg3 Nd8 64. Ke3 Bc4 65. Bh4 Nb7 66.
Be7 Nxa5 67. Bb4 Nb7 68. Be7 Ba6 69. Bh4 Na5 70. Be1 Nc4+ 71. Kf3 Bc8 72. Bh4
Nd2+ 73. Ke3 Ne4 74. Be7 Nxc3 75. Kd3 Ne4 76. Ke3 Ba6 77. Bf8 Bf1 78. Be7 Bh3
79. Bf8 Bg4 80. Be7 Ng3 81. Bf8 Kg6 82. Bb4 Bc8 83. Bc5 Nf5+ 84. Ke2 Ng7 85.
Ke3 Kf5 86. Be7 Ne6 87. Bd6 Nxf4 88. Bf8 Ne6 89. Bd6 Kg4 90. Bb4 Kg3 91. Be1+
Kg4 92. Bb4 Ba6 93. Be7 Bc4 94. Bf6 Kg3 95. Be7 Bb3 96. Bb4 Bc2 97. Bd6 Bf5 98.
Bb4 Nf4 99. Be1+ Kg4 100. Bf2 Ng2+ 101. Ke2 Kf4 102. Bg1 Ke4 103. Kd1 Kd3 104.
Bf2 Nf4 105. Ke1 Ne6 106. Bh4 Kxd4 107. Kd2 Kxe5 108. Kd1 d4 109. Be1 c5 110.
Kc1 c4 111. Bg3+ Ke4 112. Bh4 Nc5 113. Kd1 c3 114. Bf6 Nb3 115. Kc2 Nc5 116.
Kd1 Ke3 117. Bg5+ Kd3 118. Ke1 Ne4 119. Bh6 Bh3 120. Bf4 Bg2 121. Kd1 Bf3+ 122.
Kc1 Nd2 123. Bh6 Nb3+ 124. Kb1 Kc4 125. Ka2 d3 126. Ka3 Bc6 127. Ka2 d2 128.
Bxd2 Nxd2 129. Ka1 Ba4 130. Ka2 Bb3+ 131. Ka1 Ne4 132. Kb1 Kd3 133. Kc1 Kc4
134. Kb1 Kb4 135. Kc1 Ka3 136. Kb1 Bd1 137. Kc1 Nf2 138. Kb1 Nd3 139. Ka1 Nc5
140. Kb1 c2+ 141. Kc1 Nb3# 0-1